[Event "Ruhrgebiet VK3 0405"]
[Site "Ruhrgebiet"]
[Date "2005.02.20"]
[Round "7.7"]
[White "Jaeger, Heinz"]
[Black "Hinz, Grischa"]
[Result "1-0"]
[WhiteElo "1944"]
[BlackElo "1832"]
[PlyCount "53"]
[EventDate "2004.09.12"]
[EventType "team"]
[EventRounds "9"]
[EventCountry "GER"]
[SourceTitle "EXT 2006"]
[Source "ChessBase"]
[SourceDate "2005.11.24"]
[SourceVersion "1"]
[SourceVersionDate "2005.11.24"]
[SourceQuality "1"]
[WhiteTeam "Bottrop"]
[BlackTeam "Witten"]
[WhiteTeamCountry "GER"]
[BlackTeamCountry "GER"]

1. d4 Nf6 2. Nf3 d6 3. c3 Nbd7 4. Bg5 e5 5. e4 Be7 6. Bd3 c6 7. Nbd2 Qc7 8. 0-0 Nf8 9. Nc4 Ng6 10. Nh4 Be6 11. Qe2 0-0-0 12. a4 Nxh4 13. Bxh4 g5 14. Bxg5 Rdg8 15. Bh4 h5 16. dxe5 dxe5 17. Kh1 Ng4 18. Bxe7 Qxe7 19. f3 Bxc4 20. Bxc4 Nf6 21. b4 h4 22. Qe3 Kb8 23. Rf2 Nh5 24. b5 c5 25. a5 b6 26. axb6 axb6 27. Rfa2 1-0

[Event "Ruhrgebiet VK3 0405"]
[Site "Ruhrgebiet"]
[Date "2005.01.30"]
[Round "6.7"]
[White "Hinz, Grischa"]
[Black "Wolff, Michael"]
[Result "1-0"]
[WhiteElo "1832"]
[BlackElo "1758"]
[PlyCount "63"]
[EventDate "2004.09.12"]
[EventType "team"]
[EventRounds "9"]
[EventCountry "GER"]
[SourceTitle "EXT 2006"]
[Source "ChessBase"]
[SourceDate "2005.11.24"]
[SourceVersion "1"]
[SourceVersionDate "2005.11.24"]
[SourceQuality "1"]
[WhiteTeam "Witten"]
[BlackTeam "Katernberg III"]
[WhiteTeamCountry "GER"]
[BlackTeamCountry "GER"]

1. c4 Nf6 2. Nc3 c5 3. g3 Nc6 4. Bg2 e5 5. d3 Be7 6. e3 0-0 7. Nge2 d6 8. h3 Bd7 9. 0-0 Qc8 10. Kh2 a6 11. f4 Rb8 12. a4 Bd8 13. d4 exd4 14. exd4 cxd4 15. Nxd4 Bc7 16. b3 Re8 17. Bb2 Nb4 18. Qd2 Ba5 19. Nc2 Bf5 20. Ne3 Rxe3 21. Qxe3 Nc2 22. Qe7 Nxa1 23. Bxa1 Qc5 24. Nd5 Nxd5 25. Bxd5 Rf8 26. Qg5 Bg6 27. f5 Bd8 28. Qg4 b5 29. fxg6 Kh8 30. gxf7 Bf6 31. Rxf6 Qa3 32. Rf1 1-0